Countries With The Most... Quiz Stats

 Plays Quiz Updated Nov 9, 2018

     
Support Sporcle.
Go Orange.
Score 0/75 Timer 06:00
1 Play Today
% Correct
United States of America
99.7%
United States of America
99.7%
United States of America
99.7%
United States of America
99.7%
United States of America
99.7%
United States of America
99.7%
United States of America
99.7%
United States of America
99.7%
United States of America
99.7%
United States of America
98%
Canada
96.6%
Canada
96.6%
Canada
96.6%
Canada
96.6%
Russia
96.6%
Russia
96.6%
China
96.4%
China
96.4%
China
96.4%
France
95.9%
France
95.7%
France
95.7%
France
95.7%
France
95.7%
United Kingdom
95.4%
United Kingdom
95.4%
Japan
95.1%
Japan
95.1%
Japan
95.1%
Germany
95%
Germany
95%
Germany
95%
Russia
94.9%
Brazil
94.8%
Brazil
94.8%
India
93.1%
India
93.1%
India
93.1%
% Correct
Canada
92.3%
Italy
92.3%
Italy
92.3%
Italy
92.3%
Italy
92.3%
Italy
92.3%
Spain
88.5%
Israel
86.8%
Sweden
86.3%
Sweden
86.3%
Australia
83.1%
Australia
83.1%
Argentina
82.9%
Saudi Arabia
82%
Norway
81.7%
Argentina
81.5%
Iran
77.7%
Indonesia
71.4%
South Africa
71.3%
Denmark
69.8%
Denmark
69.8%
Poland
66.6%
Switzerland
61.8%
Thailand
61.5%
Thailand
61.5%
Netherlands
61.3%
Austria
58.2%
Belgium
55.2%
Malaysia
54.9%
Czechia
52.6%
Colombia
52.4%
Philippines
49.4%
Philippines
49.4%
Singapore
46.7%
Hungary
39.2%
Slovakia
33.9%
Luxembourg
30.6%

From the Vault

Vocabulary Blitz XLII

by iglew

Language 60s
Only about a thousand more of these to go before we've done the whole dictionary.
Remove Ads.
Support Sporcle.
Get the best of Sporcle when you Go Orange. This ad-free experience offers more features, more stats, and more fun while also helping to support Sporcle. Thank you for becoming a member.

Show Comments

Extras

Top Quizzes Today


Score Distribution

Your Account Isn't Verified!

In order to create a playlist on Sporcle, you need to verify the email address you used during registration. Go to your Sporcle Settings to finish the process.

Report this User

Report this user for behavior that violates our Community Guidelines.

Details: